|
|
|
|
| LEADER |
00000nam0a2200000 4500 |
| 001 |
298382 |
| 005 |
20231102001110.0 |
| 035 |
|
|
|a (RuTPU)RU\TPU\book\323525
|
| 090 |
|
|
|a 298382
|
| 100 |
|
|
|a 20150618d1984 k y0rusy50 ca
|
| 101 |
0 |
|
|a rus
|
| 102 |
|
|
|a KZ
|
| 105 |
|
|
|a a z 001zy
|
| 200 |
1 |
|
|a Коронный разряд на микропроводах
|f Ш. А. Бахтаев
|g Академия наук Казахской ССР (АН КазССР), Институт металлургии и обогащения (ИМО)
|
| 210 |
|
|
|a Алма-Ата
|c Наука
|d 1984
|
| 215 |
|
|
|a 208 с.
|c ил.
|
| 320 |
|
|
|a Библиогр.: с. 199-205
|
| 606 |
1 |
|
|a Коронный разряд
|2 stltpush
|3 (RuTPU)RU\TPU\subj\15715
|9 41927
|
| 610 |
1 |
|
|a микропровода
|
| 610 |
1 |
|
|a корона
|
| 610 |
1 |
|
|a униполярная корона
|
| 610 |
1 |
|
|a характеристики
|
| 610 |
1 |
|
|a импульсные режимы
|
| 610 |
1 |
|
|a коронный электрический разряд
|
| 610 |
1 |
|
|a преобразователи
|
| 610 |
1 |
|
|a газоразрядные устройства
|
| 610 |
1 |
|
|a микрометры
|
| 675 |
|
|
|a 537.523
|v 4
|
| 700 |
|
1 |
|a Бахтаев
|b Ш. А.
|g Шабден Абуович
|
| 712 |
0 |
2 |
|a Академия наук Казахской ССР (АН КазССР)
|b Институт металлургии и обогащения (ИМО)
|c (Алма-Ата)
|2 stltpush
|3 (RuTPU)RU\TPU\col\6343
|
| 801 |
|
1 |
|a RU
|b 63413507
|c 20150618
|
| 801 |
|
2 |
|a RU
|b 63413507
|c 20170727
|g RCR
|
| 942 |
|
|
|c BK
|